[Event "Canadian zt (Women)"]
[Site "Toronto"]
[Date "2024.03.28"]
[Round "1"]
[White "Zhong, April Yunwei"]
[Black "Wang, Angela"]
[Result "1-0"]
[WhiteElo "1845"]
[BlackElo "1546"]
[PlyCount "107"]
[EventDate "2024.03.28"]
[EventType "team-swiss"]
[EventRounds "9"]
[EventCountry "CAN"]
[SourceTitle "CB15_2024"]
[SourceDate "2024.04.10"]
[SourceVersion "1"]
[SourceVersionDate "2024.04.10"]
[SourceQuality "1"]

1. e4 Nc6 2. d4 e5 3. Nf3 exd4 4. Nxd4 Bc5 5. Nb3 Bb6 6. Nc3 Nf6 7. Qe2 0-0 8. Bg5 d6 9. Nd5 Be6 10. Nxf6+ gxf6 11. Bh6 Re8 12. 0-0-0 f5 13. Qf3 Qf6 14. Qf4 Ne5 15. Bd3 Ng4 16. Bg5 Qg7 17. exf5 Bxf5 18. Qxf5 Nxf2 19. Bf6 Qh6+ 20. Kb1 Nxd1 21. Rxd1 Re6 22. Bg5 Qh5 23. g4 Qxh2 24. Rf1 Rf8 25. Bc4 Rg6 26. Bxf7+ Kg7 27. Bf6+ Kh6 28. g5+ Kh5 29. Qf3+ Kh4 30. Rh1 Qxh1+ 31. Qxh1+ Kg3 32. Bxg6 hxg6 33. Nd2 Re8 34. Qf3+ Kh4 35. a3 Re3 36. Qf4+ Kh3 37. Bd4 Re1+ 38. Ka2 Bxd4 39. Qxd4 a6 40. Qc3+ Kg4 41. Qf3+ Kxg5 42. Qg3+ Kf5 43. Qxe1 c6 44. Qe4+ Kf6 45. Nf3 g5 46. c4 a5 47. c5 d5 48. Qe5+ Kg6 49. Qe6+ Kg7 50. Nxg5 a4 51. Qf7+ Kh6 52. Ne6 b5 53. Qg7+ Kh5 54. Qg5# 1-0

[Event "Toronto Excelsior op"]
[Site "Toronto"]
[Date "2024.02.24"]
[Round "2"]
[White "Zhong, April Yunwei"]
[Black "Tyulenev, Alexy"]
[Result "1-0"]
[WhiteElo "1554"]
[BlackElo "1454"]
[PlyCount "39"]
[EventDate "2024.02.23"]
[EventType "swiss"]
[EventRounds "5"]
[EventCountry "CAN"]
[SourceTitle "CB10_2024"]
[SourceDate "2024.03.06"]
[SourceVersion "1"]
[SourceVersionDate "2024.03.06"]
[SourceQuality "1"]

1. e4 e6 2. d4 d5 3. Nd2 Nf6 4. e5 Nfd7 5. Bd3 Be7 6. Qg4 0-0 7. Qh3 f5 8. Ne2 c5 9. c3 Rf7 10. g4 Nf8 11. 0-0 fxg4 12. Qxg4 Nc6 13. Nf3 Qb6 14. Kh1 cxd4 15. cxd4 Bd7 16. Rg1 g6 17. h4 Bf6 18. exf6 e5 19. Bf5 Rxf6 20. Bxd7 1-0

[Event "Pan American-ch School U17 Girls 12th"]
[Site "Callao"]
[Date "2023.10.16"]
[Round "1"]
[White "Ramirez Tipian, Valerie Luisciana1"]
[Black "Zhong, April Yunwei"]
[Result "0-1"]
[WhiteElo "1426"]
[BlackElo "1702"]
[PlyCount "96"]
[EventDate "2023.10.16"]
[EventType "swiss"]
[EventRounds "9"]
[EventCountry "PER"]
[SourceTitle "Mega2024 Update 01"]
[Source "Chessbase"]
[SourceDate "2023.11.12"]
[SourceVersion "1"]
[SourceVersionDate "2023.11.12"]
[SourceQuality "1"]

1. e4 e6 2. d4 d5 3. e5 c5 4. c3 Nc6 5. Nf3 Bd7 6. Bd3 cxd4 7. cxd4 Qb6 8. Bc2 Nge7 9. a3 Ng6 10. Nc3 Be7 11. b4 0-0 12. h4 Rfc8 13. h5 Nf8 14. Ne2 a5 15. bxa5 Nxa5 16. 0-0 Nc4 17. a4 Qc7 18. Ra2 Ra6 19. Bg5 Bb4 20. Qd3 Rca8 21. Rb1 Ba3 22. Nc3 Rc8 23. Nb5 Bxb5 24. Rxb5 Be7 25. Bb3 Bxg5 26. Nxg5 Nxe5 27. dxe5 Qc1+ 28. Bd1 Qxg5 29. Rxb7 Rac6 30. Qf3 R6c7 31. Rxc7 Rxc7 32. Re2 Rc1 33. Re1 Nd7 34. Qa3 Qd2 35. Rf1 Rxd1 36. Rxd1 Qxd1+ 37. Kh2 Qxh5+ 38. Kg1 Nxe5 39. a5 Qd1+ 40. Kh2 Qb1 41. a6 Nc6 42. Qc5 Qb8+ 43. g3 Qa8 44. Qb6 Nd8 45. Qc7 h5 46. Qb6 g6 47. Qd6 Nc6 48. Qa3 Nb8 0-1

[Event "World School-ch U15 Girls"]
[Site "Rhodes"]
[Date "2023.04.21"]
[Round "8"]
[White "Kirtadze, Anastasia"]
[Black "Zhong, April Yunwei"]
[Result "1-0"]
[WhiteElo "1949"]
[BlackElo "1626"]
[PlyCount "92"]
[EventDate "2023.04.14"]
[EventType "swiss"]
[EventRounds "9"]
[EventCountry "GRE"]
[SourceTitle "EXT 2024"]
[Source "ChessBase"]
[SourceDate "2023.10.10"]
[SourceVersion "1"]
[SourceVersionDate "2023.10.10"]
[SourceQuality "1"]

1. e4 e6 2. d4 d5 3. Nc3 Nf6 4. Bg5 dxe4 5. Nxe4 Nbd7 6. Nf3 h6 7. Nxf6+ Nxf6 8. Be3 Nd5 9. Bd2 c5 10. Bb5+ Bd7 11. Qe2 Bxb5 12. Qxb5+ Qd7 13. Qxd7+ Kxd7 14. 0-0-0 cxd4 15. Nxd4 Bc5 16. Nb3 Bd6 17. f4 Kc7 18. Rhf1 Rhe8 19. c4 Nf6 20. Bc3 Rad8 21. Be5 Ng4 22. Rxd6 Rxd6 23. c5 Nxe5 24. cxd6+ Kxd6 25. fxe5+ Ke7 26. Kd2 f6 27. Rc1 Kd8 28. Nc5 Re7 29. Ne4 fxe5 30. Ke3 Kd7 31. Rc5 b6 32. Rxe5 Kc6 33. b4 a6 34. a4 Re8 35. a5 bxa5 36. bxa5 Re7 37. h4 g6 38. g4 Kd7 39. g5 hxg5 40. Rxg5 Rg7 41. h5 Ke7 42. Rxg6 Rh7 43. h6 Kf8 44. Ng5 Rb7 45. h7 Rb3+ 46. Kf4 Rb4+ 1-0

[Event "World School-ch U15 Girls"]
[Site "Rhodes"]
[Date "2023.04.20"]
[Round "7"]
[White "Zhong, April Yunwei"]
[Black "Nokutenda, Michelle Madzikwa"]
[Result "1-0"]
[WhiteElo "1626"]
[BlackElo "1106"]
[PlyCount "79"]
[EventDate "2023.04.14"]
[EventType "swiss"]
[EventRounds "9"]
[EventCountry "GRE"]
[SourceTitle "EXT 2024"]
[Source "ChessBase"]
[SourceDate "2023.10.10"]
[SourceVersion "1"]
[SourceVersionDate "2023.10.10"]
[SourceQuality "1"]

1. e4 c5 2. Nf3 d6 3. Bb5+ Bd7 4. Bxd7+ Nxd7 5. 0-0 Ngf6 6. Re1 Qc7 7. c3 g6 8. d4 cxd4 9. cxd4 Bg7 10. Nc3 Nb6 11. Qe2 0-0 12. Bg5 Rfe8 13. Rac1 Qd7 14. b3 Rac8 15. Qd2 Red8 16. a4 Na8 17. Bh6 Bh8 18. h3 Nc7 19. Qg5 Ne6 20. Qe3 a6 21. Red1 d5 22. e5 Nh5 23. g4 Nhg7 24. Nh4 Ne8 25. f4 f6 26. f5 gxf5 27. gxf5 N6g7 28. e6 Qd6 29. Qf3 Qa3 30. Kh1 Qxb3 31. Rg1 Qb2 32. Qh5 Nd6 33. Qg4 Nde8 34. Rg2 Qb3 35. Qh5 Nd6 36. Bxg7 Bxg7 37. Qh6 Ne8 38. Rxg7+ Nxg7 39. Rg1 Qxc3 40. Qxg7# 1-0

[Event "CAN-ch (Women)"]
[Site "Toronto"]
[Date "2023.04.10"]
[Round "8"]
[White "Qian, Ashley"]
[Black "Zhong, April Yunwei"]
[Result "1-0"]
[WhiteElo "1567"]
[BlackElo "1626"]
[PlyCount "110"]
[EventDate "2023.04.06"]
[EventType "swiss"]
[EventRounds "9"]
[EventCountry "CAN"]
[SourceTitle "CBM 213 Extra"]
[Source "ChessBase"]
[SourceDate "2023.05.31"]
[SourceVersion "1"]
[SourceVersionDate "2023.05.31"]
[SourceQuality "1"]

1. e4 c5 2. Nf3 d6 3. d4 cxd4 4. Nxd4 Nf6 5. Nc3 a6 6. Be3 e6 7. f3 b5 8. Qd2 Nbd7 9. 0-0-0 Nb6 10. Bg5 Bb7 11. Qf2 Be7 12. Be3 Nfd7 13. Kb1 b4 14. Nce2 Nc4 15. Bc1 Rc8 16. g4 Qc7 17. Ka1 Nde5 18. Nf4 Qc5 19. Qg3 Qa5 20. Nb3 Qb6 21. Nd3 Ne3 22. Bxe3 Qxe3 23. Nxe5 dxe5 24. Bd3 0-0 25. Na5 Qb6 26. Nxb7 Qxb7 27. Qxe5 Rc5 28. Qg3 a5 29. e5 a4 30. f4 b3 31. cxb3 axb3 32. a3 Ra8 33. Qe3 Qb8 34. Qe4 g6 35. Kb1 Rca5 36. Qc4 Ra4 37. Qc3 Qb7 38. Bc4 Rc8 39. Qxb3 Qe4+ 40. Bd3 Qxf4 41. Qb7 Raa8 42. Qxe7 Qxe5 43. Rhf1 Rc7 44. Qf6 Qa5 45. Be4 Rb8 46. Rd8+ Rxd8 47. Qxd8+ Kg7 48. Qf6+ Kg8 49. Rd1 Rc8 50. h4 Qa4 51. Rd4 Qa5 52. Ka2 Qc7 53. h5 Re8 54. h6 Kf8 55. Rb4 Qd8 1-0